| 000 | 00558nas a22001337a 4500 | ||
|---|---|---|---|
| 007 | ta | ||
| 008 | 250625d2008 xxk||||| |||| 00| 0 eng d | ||
| 022 | _anone | ||
| 110 |
_aRoyal Institution of Chartered Surveyors _94900 |
||
| 245 | _aA service of remembrance | ||
| 260 | _c1997-2008 | ||
| 310 | _aAnnual | ||
| 500 | _aOrders of service for annual RICS service of remembrance for those surveyors who made the supreme sacrifice and a tribute to all who have suffered as a result of war, held at St Margaret's Church, Westminster Abbey. Order sheets for 1997-2008 | ||
| 999 |
_c122183 _d122183 |
||